| 000 | 00695nam a2200217 4500 | ||
|---|---|---|---|
| 001 | 120824 | ||
| 003 | ES-MaACL | ||
| 005 | 20230906191629.0 | ||
| 007 | t| | ||
| 008 | 070214s1918 sp r ||||1| spa d | ||
| 100 | 1 |
_aPrast, Antonio. _993657 |
|
| 245 | 1 | 0 |
_aArte barroco de Madrid / _ctexto de Antonio Prast ; dibujos de Julio Bustos. |
| 260 |
_aBarcelona : _bM. Bayes, _c1918. |
||
| 300 |
_a6h., 30 p., 50 lám. ; _c36 cm. |
||
| 490 | 1 | _aEstudio completo de arte barroco en España | |
| 500 | _aEs el t. I. | ||
| 700 | 1 |
_aBustos, Julio. _932922 |
|
| 830 | 0 |
_aEstudio completo de arte barroco en España _9218702 |
|
| 852 |
_aES-MaACL _jZ-108 _xOlim: C-6737 |
||
| 999 |
_c120824 _d120824 |
||